01352cam a2200373 i 45000010008000000030009000080050017000170080041000340200015000750200018000900400038001080820021001461000040001672450117002072640041003242640010003653000054003753360026004293370028004553380027004834900040005105040052005506500035006026500045006376500031006826500026007136510010007396530021007496550024007707000036007949420012008309990017008429520119008592333298EG-ScBUE20241017103007.0821214t1983 nyuadk f b 001 0 eng d a0387908196 a9780387908199 aDLCbengerdacDLCdDLCdEG-ScBUE04a515.352bGUC2221 aGuckenheimer, John,eauthor.93811110aNonlinear oscillations, dynamical systems, and bifurcations of vector fields /cJohn Guckenheimer, Philip Holmes 1aNew York :bSpringer-Verlag,c[1983] 4cc1983 axvi, 459 pages :bcharts, forms, tables ;c24 cm. 2rdacontentatextbtxt aunmediated2rdamediabn avolumebnc2rdacarrier0 aApplied mathematical sciences ;v42 aIncludes bibliographical references and index.  7aNonlinear oscillations.2BUEsh 7aDifferentiable dynamical systems.2BUEsh 7aBifurcation theory.2BUEsh 7aVector fields.2BUEsh 2BUEsh bENGGENcJune2015 vReading book9342321 aHolmes, Philip,d1945-eauthor. 2ddccBB c19477d19449 00102ddc40708BaccahaMAINbMAINc1STd2015-06-02epurchasel0o515.352 GUCp000038364r2025-07-15 00:00:00yBB